| 000 | 01232nam a2200337 i 4500 | ||
|---|---|---|---|
| 001 | 28430 | ||
| 003 | Mx-PuUPA | ||
| 005 | 20260416101324.0 | ||
| 008 | 140415s2006 mx a gr 001 0 spa d | ||
| 020 | _a9681212223 | ||
| 040 |
_cMx-PuUPA _aMx-PuUPA _bspa _dMx-PuUPA _erda |
||
| 041 | 0 | _aspa | |
| 043 | _acl----- | ||
| 043 | _an----- | ||
| 245 | 1 | 1 |
_a¿Hacia la integración de los mercados petroleros en América? / _cIsabelle Rousseau |
| 250 | _aPrimera edición | ||
| 264 | 1 |
_aMéxico, D.F. : _bEl Colegio de México, _c2006 |
|
| 300 |
_a460 páginas : _bgráficas (blanco y negro) ; _c21 cm |
||
| 336 |
_2rdacontent _atexto _btxt |
||
| 337 |
_2rdamedia _asin medio _bn |
||
| 338 |
_2rdacarrier _avolumen _bnc |
||
| 650 | 7 |
_2armarc _aPetróleo _xIndustria y comercio _zAmérica Latina |
|
| 651 | 4 |
_aAmérica Latina _xPolítica energética |
|
| 651 | 4 |
_aAmérica Latina _xRelaciones económicas exteriores _zAmérica del Norte |
|
| 651 | 4 |
_aAmérica del Norte _xRelaciones económicas _zAmérica Latina |
|
| 700 | 1 |
_aRousseau, Isabelle, _917878 _ecompilador |
|
| 942 |
_2ddc _cLI _h338.27282098 _iH57 |
||
| 999 |
_c28430 _d28430 |
||